00858 2200289 4500001002100000005001500021035002500036008004100061020002200102040001700124082001600141084001800157100001800175245011300193260003000306300004400336650003700380700001000417850001200427007000300439090002100442090002200463250001000485504002900495999002200524990002200546INLIS00000000001812420200608124552 a0010-031600000000134160307s2015 yoi g ind d a978-979-29-5110-3 aYOPDYOGbind04222a005.711 a005.711 FER r0 aFeri Sulianta00aRahasia dan trik IT paling top menjadi IT expert dengan sekejap /cpenulis, Feri Sulianta; penyunting, Ignas3 aYogyakarta :bAndi,c2015 aviii, 262 halaman :bilustrasi ;c21 cm 4aKomputer--xSistem Pengoperasian0 aIgnas aYOPDYOGta aDEP 005.711FER r aCB-D.11 2015-1225 aEd. 1 aBibliografi: halaman 263 aCB-D.11/2015-1225 aCB-D.11/2015-1225